| Tag |
First Indicator |
Second Indicator |
Subfields |
| LEADER |
00000nam a2200000 4500 |
| 001 |
in00004328607 |
| 005 |
20200812081639.0 |
| 006 |
m g d |
| 007 |
cr bn |||a|bb| |
| 008 |
960126s1683 enk o 00| | eng d |
| 035 |
|
|
|a (UnM)99833473
|
| 037 |
|
|
|a CL0037000088
|b ProQuest Information and Learning. 300 N. Zeeb Rd., Ann Arbor, MI 48106
|
| 040 |
|
|
|a Cu-RivES
|c Cu-RivES
|e dcrb
|d WaOLN
|
| 100 |
1 |
|
|a Wharton, George,
|c Sir,
|d 1617-1681.
|
| 245 |
0 |
4 |
|a The works of that late most excellent philosopher and astronomer, Sir George Wharton, bar :
|b Collected into one entire volume. By John Gadbury, student in physick and astrology.
|
| 246 |
2 |
|
|a Astrological judgment upon His Majesties present march
|
| 246 |
2 |
|
|a Bellum Hybernicale: or, Ireland's war astrologically demonstrated
|
| 246 |
2 |
|
|a Merlini anglici errata: or, the errors, mistakes, and mis-applications of Mr. Lilly's new ephemeris
|
| 246 |
2 |
|
|a Gesta Britannorum: or, a succinct chronology of the action and exploits, battails, sieges, conflicts, and other signal and remarkable passages
|
| 246 |
2 |
|
|a Cheiromantia: or, the art of divining by the lines and signatures engraven in the hand of man, by the hand of nature
|
| 260 |
|
|
|a London :
|b printed by H. H. for John Leigh, at Stationers Hall, and Awnsham Churchill, at the Black Swan, near Amen-Corner,
|c 1683.
|
| 300 |
|
|
|a 1 online resource ([34], 670, [2] pages, [1] leaf of plates :
|b illustrations, tables
|
| 336 |
|
|
|a text
|b txt
|2 rdacontent
|
| 337 |
|
|
|a computer
|b c
|2 rdamedia
|
| 338 |
|
|
|a online resource
|b cr
|2 rdacarrier
|
| 500 |
|
|
|a With a portrait of Wharton on pi1v.
|
| 500 |
|
|
|a Title page is in red and black.
|
| 500 |
|
|
|a With an initial table of contents, a plate between pp. 514 and 515, and a final errata leaf.
|
| 500 |
|
|
|a "An astrological judgment upon His Majesties present march"(p. 203); "Bellum Hybernicale: or, Ireland's war astrologically demonstrated"(p. 223); "Merlini anglici errata: or, the errors, mistakes, and mis-applications of Mr. Lilly's new ephemeris"(p. 273); "Gesta Britannorum: or, a succinct chronology of the action and exploits, battails, sieges, conflicts, and other signal and remarkable passages"(p. 417); "Cheiromantia: or, the art of divining by the lines and signatures engraven in the hand of man, by the hand of nature"(pages 515) each have separate title pages dated 1645, 1647, 1647, 1657, and 1652, respectivly; pagination and register are continuous.
|
| 510 |
4 |
|
|a Wing (2nd edition)
|c W1538A
|
| 533 |
|
|
|a Electronic reproduction.
|b Ann Arbor, Mich. :
|c UMI,
|d 1999-
|f (Early English books online)
|n Digital version of: (Early English books, 1641-1700 ; 2203:04)
|7 s1999 miun s
|
| 600 |
1 |
0 |
|a Lilly, William,
|d 1602-1681.
|t Merlini Anglici ephemeris
|f 1647.
|v Early works to 1800.
|
| 650 |
|
0 |
|a Astrology
|v Early works to 1800.
|
| 650 |
|
0 |
|a Palmistry
|v Early works to 1800.
|
| 651 |
|
4 |
|a Great Britain
|x History
|y Stuarts, 1603-1714
|v Early works to 1800.
|
| 700 |
1 |
|
|a Gadbury, John,
|d 1627-1704.
|
| 700 |
1 |
|
|a Rothmann, Johann.
|t Chiromanica.
|l English.
|
| 830 |
|
0 |
|a Early English books online.
|
| 856 |
4 |
0 |
|u http://proxy.library.tamu.edu/login?url=https://search.proquest.com/docview/2264173508
|z Connect to the full text of this electronic book
|t 0
|
| 999 |
f |
f |
|s 7cd8f8c7-a3c9-3acf-ad62-c8f379815aa0
|i 936e0f66-cbf6-3abe-a318-1bb8b5ccf239
|t 0
|
| 952 |
f |
f |
|a Texas A&M University
|b College Station
|c Electronic Resources
|d Available Online
|t 0
|h No information provided
|
| 998 |
f |
f |
|t 0
|l Available Online
|